书目信息 |
| 题名: |
液体疗法
|
|
| 作者: | ;百色地区卫生局 主编 | |
| 分册: | ||
| 出版信息: | 北京 人民卫生出版社 1975 |
|
| 页数: | 196页 | |
| 开本: | 19cm | |
| 丛书名: | ||
| 单 册: | ||
| 中图分类: | R457.2 | |
| 科图分类: | ||
| 主题词: | 输液疗法 | |
| 电子资源: | ||
| ISBN: | 14048.3467 | |
| 000 | 00658nam0 2200241 450 | |
| 001 | 0175003800 | |
| 005 | 20100712215042.0 | |
| 010 | @a14048.3467@dCNY0.40 | |
| 091 | @a14048.3467 | |
| 100 | @a19951011d1975 em y0chiy0110 ea | |
| 101 | 0 | @achi |
| 102 | @aCN@b110000 | |
| 105 | @ay z 000yy | |
| 106 | @ar | |
| 200 | 1 | @a液体疗法@9Ye Ti Liao Fa @f广西百色地区革委会卫生局主编 |
| 210 | @a北京@c人民卫生出版社@d1975 | |
| 215 | @a196页@d19cm | |
| 300 | @a供公社卫生院用 | |
| 606 | 0 | @a输液疗法 |
| 690 | @aR457.2@v3 | |
| 711 | 02 | @a百色地区卫生局@9bai se di qu wei sheng ju@4主编 |
| 801 | 0 | @aCN@bAzMarc@c20130904 |
| 905 | @aBZT@dR457.2@e8@f1@sR457.2/8 | |
| 液体疗法/广西百色地区革委会卫生局主编.-北京:人民卫生出版社,1975 |
| 196页;19cm |
| 供公社卫生院用 |
| ISBN 14048.3467:CNY0.40 |
| ● |
| 相关链接 |
|
|
|
正题名:液体疗法
索取号:R457.2/8
 
预约/预借
| 序号 | 登录号 | 条形码 | 馆藏地/架位号 | 状态 | 备注 |
| 1 | 2000147646 | 2000147646 | 旧书回溯/ [索取号:R457.2/8] | 在馆 |